00285nam a2200121Ia 4500008004100000082001000041100001900051245001500070260004000085300000800125630001500133730001500148100204s9999 xx 000 0 und d b20837 aGODDARD DONALD aEASY MONEY b"GGRANADA PUBLISHING, LONDON"c1980 a368 aEASY MONEY aEASY MONEY